Kraje o największej ilości śmierci na koronawirusa - Statystyki

Ogólne statystyki
  • Ten quiz został rozwiązany 221 razy
  • Średni wynik to 6 z 12
Statystyki odpowiedzi
Liczba śmierci Kraj % Poprawnych
2,9 tys Chiny
97%
52 Włochy
81%
6 Japonia
74%
28 Korea Południowa
66%
4 Francja
64%
66 Iran
43%
2 Stany
33%
1 Australia
30%
1 Tajlandia
29%
1 Filipiny
23%
1 Tajwan
22%
1 San Marino
6%
Nie znaleziono quizów pasujących do podanych kryteriów
Rozkład punktacji
Procent ludzi z każdym wynikiem
Percentyl według liczby udzielonych odpowiedzi
Twoja historia wyników
Nie rozwiązałeś tego quizu